| 000 | 01423nam a2200385 i 4500 | ||
|---|---|---|---|
| 001 | 020129373 | ||
| 003 | EG-ScBUE | ||
| 005 | 20230216041311.0 | ||
| 008 | 210302t2022 paua f b 001 0 eng d | ||
| 020 | _a9781975129316 (pbk.) | ||
| 020 | _z1975129318 | ||
| 040 |
_aStDuBDS _beng _erda _cStDuBDS _dEG-ScBUE |
||
| 082 | 0 | 4 |
_a615.1401513 _222 _bSTO |
| 100 | 1 |
_aStockton, Shelly J., _eauthor. |
|
| 245 | 1 | 0 |
_aStoklosa and Ansel's pharmaceutical calculations / _cShelly J. Stockton., PhD., RPh, professor, pharmaceutical sciences, Southwestern Oklahoma State University, Weatherford, Oklahoma. |
| 246 | 3 | 0 | _aPharmaceutical calculations |
| 250 | _aSixteenth edition. | ||
| 250 | _aInternational edition. | ||
| 264 | 1 |
_aPhiladelphia : _bLippincott Williams & Wilkins, _c[2022] |
|
| 264 | 4 | _cc2022 | |
| 300 |
_axii, 461 pages : _billustrations ; _c26 cm |
||
| 336 |
_atext _2rdacontent _btxt |
||
| 336 |
_astill image _2rdacontent _btxt |
||
| 337 |
_aunmediated _2rdamedia _bn |
||
| 338 |
_avolume _2rdacarrier _bnc |
||
| 500 | _aPrevious edition: 2016. | ||
| 504 | _aIncludes bibliographical references and index. | ||
| 650 | 7 |
_aPharmaceutical arithmetic. _2BUEsh |
|
| 653 |
_bPPhrm _cFebruary2023 |
||
| 655 | _vReading book | ||
| 700 | 1 |
_aAnsel, Howard C., _d1933- _tPharmaceutical calculations. _sFifteenth edition. |
|
| 776 | 0 | 8 |
_iebook version : _z9781975128562 |
| 942 |
_2ddc _cBB |
||
| 999 |
_c30156 _d30127 |
||